000 00290nam a22001337a 4500
008 170911b xxu||||| |||| 00| 0 eng d
020 _a3540081062
041 _aeng
080 _a53
100 _a43
101 _aFIZ
245 _aMETHODEN DER SYSTEMTHEORIE
_cMARKO, H
942 _2udc
_cBK
999 _c27143
_d27143